Το νησί των ελαφιών : φυσική ιστορία του πλατονιού της Ρόδου και των σπονδυλωτών της Δωδεκανήσου = Island of deer : natural history of the fallow deer of Rhodes and of the vertebrates of the Dodecanese (Greece)
Saved in:
| Other Authors: | |
|---|---|
| Format: | Book |
| Language: | Greek English |
| Published: |
Ρόδος :
Δήμος,
2002.
|
| Subjects: | |
| Tags: |
Add Tag
No Tags, Be the first to tag this record!
|
MARC
| LEADER | 00000cam a2200000 i 4500 | ||
|---|---|---|---|
| 001 | 1/55994 | ||
| 008 | 040525s2002 gr | ||| |||| ||gre|| | ||
| 020 | |a 9608752302 | ||
| 035 | |l 10073526 | ||
| 040 | |a GR-MyUa |b gre |e AACR2 | ||
| 041 | 0 | |a gre |a eng | |
| 082 | 7 | |a 591.977 |2 (22) | |
| 245 | 0 | 3 | |a Το νησί των ελαφιών : |b φυσική ιστορία του πλατονιού της Ρόδου και των σπονδυλωτών της Δωδεκανήσου = Island of deer : natural history of the fallow deer of Rhodes and of the vertebrates of the Dodecanese (Greece) / |c επιμέλεια Marco Masseti. |
| 246 | 1 | |i Παράλληλος τίτλος: |a Island of deer : |b natural history of the fallow deer of Rhodes and of the vertebrates of the Dodecanese (Greece) | |
| 260 | |a Ρόδος : |b Δήμος, |c 2002. | ||
| 300 | |a 224 σ. ; |c 30 εκ. | ||
| 650 | 0 | |a Deer |z Greece |z Rhodes (Island) | |
| 650 | 0 | |a Vertebrates |z Greece |z Rhodes (Island) | |
| 650 | 0 | |a Vertebrates |z Greece |z Dodecanese Islands. | |
| 700 | 1 | |a Masseti, Marco, |e edt | |
| 852 | |a INST |b LESVOS |e 20060228 |h 591.977 ΝΗΣ |p 005100034632 |q 005100034632 |t BK |y 0 | ||
| 852 | |a INST |b RHODES |e 20040525 |h 591.977 ΝΗΣ |p 005400018997 |q 005400018997 |t BK |y 0 | ||
| 852 | |a INST |b RHODES |e 20040525 |h 591.977 ΝΗΣ |p 005400018998 |q 005400018998 |t BK |y 0 | ||
| 901 | |a BIBL4-2004-2 | ||
| 901 | |a BIBL1-2006-1 | ||
| 970 | |a ΚΟΥΛΑΚΙΟΤΗ |b ΛΙΤΣΑ |z 2004/05/25 | ||